000 01108nam a2200349Ia 4500
003 OSt
005 20220912144658.0
006 a|||||r|||| 00| 0
007 ta
008 220909b |||||||| |||| 00| 0 eng d
020 _a9780199673490 (pbk)
020 _aSL01560354
024 _a188924
037 _bIN335, 16/08/2013, New India Book Agency
037 _cTextbook
040 _aCSL
_beng
_cCSL
041 _aeng
082 _aC21:(D), Q3 TC
100 _aHeikkita Tero T
245 0 _aPhysics of nanoelectronics : transport and fundamental phenomena at low temperatures
260 _aOxford
_bOxford
_c2013
300 _axvi,279p.
490 _aOxford master series in condensed matter physics
500 _ainclude bibliographical references.; References 255-274p.; Index 275-279p.
650 _a electron transport
650 _a Nanoelectronics
650 _aPhysics
700 _a Tanre Daniel
700 _aHeikkita Tero T
942 _hC21:(D), Q3 TC
_cTB
_2CC
999 _c15579
_d15579